000 01877nam a22003734a 4500
001 ebr10169965
003 CaPaEBR
006 m u
007 cr cn|||||||||
008 050325s2005 ctua sb 001 0 eng
010 _z 2005008719
015 _aGBA592252
_2bnb
016 7 _z013326010
_2Uk
020 _z0300108044 (hardcover : alk. paper)
040 _aCaPaEBR
_cCaPaEBR
035 _a(OCoLC)123085064
043 _an-us---
050 1 4 _aNK1404
_b.I55 2005eb
082 0 4 _a792.02/5/092273
_222
100 1 _aInnes, Christopher,
_d1941-
245 1 0 _aDesigning modern America
_h[electronic resource] :
_bBroadway to Main Street /
_cChristopher Innes.
260 _aNew Haven :
_bYale University Press,
_cc2005.
300 _axiv, 320 p. :
_bill.
504 _aIncludes bibliographical references (p. 295-311) and index.
505 0 _aStyling for the modern age -- Egos at work -- Theatrical fashions -- Stage and screen -- Society scenery -- A century of progress -- Riding into the future -- The world of tomorrow -- Car culture -- Street scenes -- Reaching for the sky -- Suburban heaven -- Lifestyle begins in the kitchen -- Selling modernity -- Afterword : then and now.
533 _aElectronic reproduction.
_bPalo Alto, Calif. :
_cebrary,
_d2013.
_nAvailable via World Wide Web.
_nAccess may be limited to ebrary affiliated libraries.
600 1 0 _aUrban, Joseph,
_d1872-1933
_xCriticism and interpretation.
600 1 0 _aGeddes, Norman Bel,
_d1893-1958
_xCriticism and interpretation.
650 0 _aDesign
_zUnited States
_xHistory
_y20th century.
650 0 _aTheaters
_xStage-setting and scenery
_zUnited States
_xHistory
_y20th century.
655 7 _aElectronic books.
_2local
710 2 _aebrary, Inc.
856 4 0 _uhttp://site.ebrary.com/lib/rucke/Doc?id=10169965
_zAn electronic book accessible through the World Wide Web; click to view
999 _c136051
_d136051